[Event "La Florida CupT 23rd"]
[Site "La Florida"]
[Date "2023.07.16"]
[Round "5.1"]
[White "Rumbos Garcia, Alejandro Daniel"]
[Black "Alvarez Romero, Luis Enrique"]
[Result "1-0"]
[WhiteElo "1993"]
[BlackElo "1531"]
[PlyCount "39"]
[EventDate "2023.07.15"]
[EventType "team-swiss"]
[EventRounds "5"]
[EventCountry "VEN"]
[SourceTitle "EXT 2024"]
[Source "ChessBase"]
[SourceDate "2023.10.10"]
[SourceVersion "1"]
[SourceVersionDate "2023.10.10"]
[SourceQuality "1"]
[WhiteTeam "Gambito Dama"]
[BlackTeam "Hibrido Juvenil"]
[WhiteTeamCountry "VEN"]
[BlackTeamCountry "VEN"]

1. c4 c5 2. Nf3 Nc6 3. d4 cxd4 4. Nxd4 g6 5. e4 Bg7 6. Nc2 Nf6 7. Nc3 d6 8. Be2 Bd7 9. Be3 Rc8 10. f3 Na5 11. b3 Nc6 12. Qd2 Qa5 13. Rb1 Nb4 14. Nd4 a6 15. 0-0 e5 16. Nc2 Nxc2 17. Qxc2 d5 18. b4 Qa3 19. Bc1 Ba4 20. Nxa4 1-0

[Event "La Florida CupT 23rd"]
[Site "La Florida"]
[Date "2023.07.15"]
[Round "1.1"]
[White "Alvarez Romero, Luis Enrique"]
[Black "Castro Silva, Moises Antonio"]
[Result "0-1"]
[WhiteElo "1531"]
[BlackElo "2121"]
[PlyCount "72"]
[EventDate "2023.07.15"]
[EventType "team-swiss"]
[EventRounds "5"]
[EventCountry "VEN"]
[SourceTitle "EXT 2024"]
[Source "ChessBase"]
[SourceDate "2023.10.10"]
[SourceVersion "1"]
[SourceVersionDate "2023.10.10"]
[SourceQuality "1"]
[WhiteTeam "Hibrido Juvenil"]
[BlackTeam "Peon de Oro"]
[WhiteTeamCountry "VEN"]
[BlackTeamCountry "VEN"]

1. c4 c5 2. Nc3 Nc6 3. g3 g6 4. Bg2 Bg7 5. Nf3 e6 6. e3 Nge7 7. d4 cxd4 8. Nxd4 d5 9. cxd5 exd5 10. 0-0 0-0 11. Nde2 Bg4 12. h3 Bxe2 13. Qxe2 d4 14. exd4 Nxd4 15. Qe4 Nec6 16. Be3 Re8 17. Qd5 Nc2 18. Rad1 Nxe3 19. fxe3 Qe7 20. e4 Bxc3 21. bxc3 Ne5 22. g4 Rac8 23. Qd4 b6 24. Qe3 Qc5 25. Qxc5 Rxc5 26. Rd5 Rxc3 27. Rf2 Kg7 28. Bf1 Re7 29. Kg2 Nd7 30. Bb5 Nf6 31. Rd4 Rxe4 32. Rd6 Re6 33. Rxe6 fxe6 34. Ba4 Ne4 35. Re2 Nc5 36. Bb5 a6 0-1

[Event "Valencia Vladio Memorial 10th"]
[Site "Valencia"]
[Date "2022.08.13"]
[Round "4"]
[White "Alvarez Romero, Luis Enrique"]
[Black "Campos Cabello, Gustavo"]
[Result "1-0"]
[WhiteElo "1418"]
[BlackElo "1677"]
[PlyCount "47"]
[EventDate "2022.08.12"]
[EventType "swiss"]
[EventRounds "9"]
[EventCountry "VEN"]
[SourceTitle "EXT 2023"]
[Source "ChessBase"]
[SourceDate "2022.10.05"]
[SourceVersion "1"]
[SourceVersionDate "2022.10.05"]
[SourceQuality "1"]

1. c4 Nf6 2. Nf3 g6 3. Nc3 Bg7 4. d4 d6 5. g3 0-0 6. Bg2 c5 7. 0-0 Nc6 8. Bg5 Qb6 9. d5 Na5 10. b3 a6 11. Qd2 Re8 12. Rac1 Qc7 13. Rfe1 Rb8 14. Bf4 b5 15. cxb5 axb5 16. b4 Nc4 17. Qd3 Nh5 18. Nxb5 Nxf4 19. Nxc7 Nxd3 20. exd3 Nb6 21. Nxe8 Bh6 22. Rb1 Bf5 23. bxc5 dxc5 24. Rb3 1-0

[Event "Las Americas Team op U2400 Hybrid"]
[Site "Internet"]
[Date "2022.05.14"]
[Round "1.7"]
[White "Alvarez Romero, Luis Enrique"]
[Black "Haynes, Anthony Trevor"]
[Result "1-0"]
[WhiteElo "1441"]
[BlackElo "1274"]
[PlyCount "87"]
[EventDate "2022.05.14"]
[EventType "team-swiss"]
[EventRounds "5"]
[EventCountry "VEN"]
[SourceTitle "EXT 2023"]
[Source "ChessBase"]
[SourceDate "2022.10.05"]
[SourceVersion "1"]
[SourceVersionDate "2022.10.05"]
[SourceQuality "1"]

1. c4 Nf6 2. Nc3 e6 3. d4 d5 4. cxd5 Nxd5 5. g3 Nxc3 6. bxc3 Qd5 7. Nf3 Be7 8. Bg2 Nd7 9. 0-0 Qc4 10. Qc2 0-0 11. Bf4 Bd6 12. Bxd6 cxd6 13. e3 Nf6 14. Nd2 Qc7 15. Rab1 d5 16. Qb3 b6 17. c4 Bb7 18. c5 Ba6 19. cxb6 Qxb6 20. Qxb6 axb6 21. Rfc1 Rfb8 22. Rc6 b5 23. Bf1 Bb7 24. Rc2 Ba6 25. Rcb2 g6 26. a4 b4 27. Rxb4 Rxb4 28. Rxb4 Bxf1 29. Kxf1 Nd7 30. Nb3 Rb8 31. Rxb8+ Nxb8 32. Ke2 Kf8 33. Kd3 Ke8 34. Kc3 Kd8 35. Kb4 Kc7 36. Kb5 Nc6 37. Nc1 e5 38. Kc5 f6 39. Kxd5 Ne7+ 40. Ke6 Nf5 41. dxe5 fxe5 42. Kxe5 Ne7 43. Kf6 Nd5+ 44. Kg7 1-0

[Event "Las Americas Team op U2400 Hybrid"]
[Site "Internet"]
[Date "2022.05.14"]
[Round "2.2"]
[White "Penafiel Mendoza, Josselyne Stefania"]
[Black "Alvarez Romero, Luis Enrique"]
[Result "1-0"]
[WhiteElo "1792"]
[BlackElo "1441"]
[PlyCount "95"]
[EventDate "2022.05.14"]
[EventType "team-swiss"]
[EventRounds "5"]
[EventCountry "VEN"]
[SourceTitle "EXT 2023"]
[Source "ChessBase"]
[SourceDate "2022.10.05"]
[SourceVersion "1"]
[SourceVersionDate "2022.10.05"]
[SourceQuality "1"]

1. d4 g6 2. c4 Bg7 3. Nc3 c5 4. d5 d6 5. e4 Nf6 6. h3 Na6 7. Bd3 Nc7 8. Nf3 0-0 9. 0-0 e6 10. Re1 exd5 11. cxd5 Re8 12. a4 a6 13. Bf4 Rb8 14. a5 b5 15. axb6 Rxb6 16. Qc2 Nh5 17. Bh2 Qf6 18. e5 dxe5 19. Bxe5 Qd8 20. Na4 Rb8 21. Bxc7 Rxe1+ 22. Rxe1 Qxc7 23. Re8+ Bf8 24. Qxc5 Qxc5 25. Nxc5 Nf6 26. Rd8 Ra8 27. d6 Kg7 28. d7 Nxd7 29. Nxd7 Be7 30. Re8 Ra7 31. Rxe7 Rxd7 32. Rxd7 Bxd7 33. Bxa6 Kf6 34. b4 Ke7 35. b5 Kd6 36. b6 f6 37. Nd4 Be8 38. Ne6 Bc6 39. Nc7 Kc5 40. b7 Bxb7 41. Bxb7 Kb6 42. Nd5+ Kxb7 43. Nxf6 h5 44. Nd5 g5 45. Nf6 g4 46. Nxh5 gxh3 47. gxh3 Kc7 48. Kg2 1-0

[Event "La Urbina Mejorando Cup 16th"]
[Site "La Urbina"]
[Date "2021.03.06"]
[Round "3"]
[White "Alvarez Romero, Luis Enrique"]
[Black "Leon De Canha, Yasahev Isaac"]
[Result "0-1"]
[WhiteElo "1335"]
[BlackElo "1226"]
[PlyCount "76"]
[EventDate "2021.03.05"]
[EventType "swiss"]
[EventRounds "5"]
[EventCountry "VEN"]
[SourceTitle "EXT 2022"]
[Source "ChessBase"]
[SourceDate "2021.10.06"]
[SourceVersion "1"]
[SourceVersionDate "2021.10.06"]
[SourceQuality "1"]

1. c4 e5 2. Nc3 Nf6 3. g3 g6 4. Bg2 Bg7 5. Nf3 d6 6. 0-0 0-0 7. d3 h6 8. Nd2 c6 9. Nde4 Nh7 10. Bd2 f5 11. Qc1 fxe4 12. Bxh6 exd3 13. exd3 Bf5 14. Be4 Na6 15. Bxg7 Kxg7 16. f4 Qb6+ 17. Kg2 Bxe4+ 18. Nxe4 d5 19. c5 Qb5 20. Nd6 Qxd3 21. fxe5 Qe2+ 22. Kg1 Qxe5 23. Nxb7 Nf6 24. Re1 Ne4 25. Nd6 Qd4+ 26. Qe3 Qxe3+ 27. Rxe3 Naxc5 28. Rc1 Rf6 29. Nxe4 Nxe4 30. Rf1 Raf8 31. Rxf6 Rxf6 32. Re2 a5 33. Re3 Rf2 34. Ra3 Rxb2 35. Rxa5 d4 36. Ra7+ Kh6 37. Rd7 c5 38. a4 Ra2 0-1

[Event "Valencia Heladeria op 1st"]
[Site "Valencia"]
[Date "2019.01.12"]
[Round "1"]
[White "Alvarez Romero, Luis Enrique"]
[Black "Guidi Garcia, Walrlinrey Yulian"]
[Result "0-1"]
[WhiteElo "1309"]
[BlackElo "2090"]
[PlyCount "60"]
[EventDate "2019.01.12"]
[EventType "swiss"]
[EventRounds "6"]
[EventCountry "VEN"]
[SourceTitle "EXT 2021"]
[Source "ChessBase"]
[SourceDate "2020.10.23"]
[SourceVersion "1"]
[SourceVersionDate "2020.10.23"]
[SourceQuality "1"]

1. e4 g6 2. Nf3 Bg7 3. Bc4 d6 4. d4 Nf6 5. Nc3 c6 6. h3 0-0 7. 0-0 Qc7 8. Bf4 Nbd7 9. Bb3 e5 10. dxe5 Nxe5 11. Re1 Nfd7 12. Nd2 b5 13. a3 Nb6 14. Qe2 Be6 15. Rad1 Rad8 16. Bh2 Qe7 17. Nf3 Nec4 18. Bxc4 Nxc4 19. Rb1 Rfe8 20. e5 dxe5 21. Nxe5 Rd2 22. Nxc6 Qb7 23. Qe4 Qb6 24. Re2 Rxe2 25. Qxe2 Qxc6 26. Qd3 Nxb2 27. Rxb2 Qxc3 28. Qxb5 Qe1+ 29. Qf1 Qxf1+ 30. Kxf1 Bc4+ 0-1

[Event "Valencia Heladeria op 1st"]
[Site "Valencia"]
[Date "2019.01.12"]
[Round "2"]
[White "Urbina Lillo, Sebastian Enrique"]
[Black "Alvarez Romero, Luis Enrique"]
[Result "1-0"]
[WhiteElo "1386"]
[BlackElo "1309"]
[PlyCount "47"]
[EventDate "2019.01.12"]
[EventType "swiss"]
[EventRounds "6"]
[EventCountry "VEN"]
[SourceTitle "EXT 2021"]
[Source "ChessBase"]
[SourceDate "2020.10.23"]
[SourceVersion "1"]
[SourceVersionDate "2020.10.23"]
[SourceQuality "1"]

1. e4 c5 2. Nf3 Nc6 3. d4 cxd4 4. Nxd4 g6 5. Nc3 Bg7 6. Be3 d6 7. f3 Nf6 8. Qd2 0-0 9. 0-0-0 Bd7 10. g4 a6 11. Kb1 b5 12. h4 b4 13. Nce2 a5 14. h5 Qc7 15. Bh6 Rfb8 16. Bxg7 Kxg7 17. hxg6 fxg6 18. Qh6+ Kf7 19. g5 Nxd4 20. Nxd4 e5 21. Ne2 Rc8 22. Rc1 Ng8 23. Qxh7+ Kf8 24. Qxg6 1-0

[Event "VEN-ch U20"]
[Site "Maracay"]
[Date "2018.05.31"]
[Round "6"]
[White "Alvarez Romero, Luis Enrique"]
[Black "Gil Oviedo, Luis Mariano"]
[Result "0-1"]
[WhiteElo "1099"]
[BlackElo "1417"]
[PlyCount "118"]
[EventDate "2018.05.31"]
[EventType "swiss"]
[EventRounds "7"]
[EventCountry "VEN"]
[SourceTitle "EXT 2019"]
[Source "ChessBase"]
[SourceDate "2018.10.10"]
[SourceVersion "1"]
[SourceVersionDate "2018.10.10"]
[SourceQuality "1"]

1. e4 e6 2. d4 d5 3. e5 c5 4. c3 Qb6 5. Qb3 Qc7 6. Be3 cxd4 7. cxd4 Nc6 8. Nf3 Bb4+ 9. Nbd2 Nge7 10. Bb5 a6 11. Bxc6+ Nxc6 12. 0-0 Bd7 13. Rac1 Be7 14. Bg5 Bxg5 15. Nxg5 h6 16. Qh3 Qb6 17. Nb3 Nxd4 18. Qe3 Ne2+ 19. Qxe2 hxg5 20. Qc2 Bc6 21. Qc5 Qxc5 22. Rxc5 Kd7 23. Rfc1 Rac8 24. Nd4 Rh5 25. Nxc6 Rxc6 26. Rxc6 bxc6 27. f3 Rh8 28. Rd1 Rb8 29. b3 c5 30. Kf2 Kc6 31. Ke3 Rb4 32. h3 a5 33. Kd3 Rd4+ 34. Ke2 Rxd1 35. Kxd1 d4 36. Kd2 Kd5 37. Kd3 Kxe5 38. g3 Kd5 39. a3 f5 40. a4 e5 41. g4 fxg4 42. hxg4 g6 43. Kd2 c4 44. Kc2 cxb3+ 45. Kxb3 e4 46. fxe4+ Kxe4 47. Kc2 Kf4 48. Kd3 Kxg4 49. Kxd4 Kf4 50. Kc5 g4 51. Kb5 g3 52. Kxa5 g2 53. Kb5 g1Q 54. a5 Ke4 55. Ka6 Qb1 56. Ka7 Kd5 57. a6 Kc6 58. Ka8 Qb6 59. a7 Qb7# 0-1

[Event "VEN-ch U20"]
[Site "Maracay"]
[Date "2018.05.31"]
[Round "7"]
[White "Casares Contreras, Jose Gabriel"]
[Black "Alvarez Romero, Luis Enrique"]
[Result "0-1"]
[WhiteElo "1065"]
[BlackElo "1099"]
[PlyCount "127"]
[EventDate "2018.05.31"]
[EventType "swiss"]
[EventRounds "7"]
[EventCountry "VEN"]
[SourceTitle "EXT 2019"]
[Source "ChessBase"]
[SourceDate "2018.10.10"]
[SourceVersion "1"]
[SourceVersionDate "2018.10.10"]
[SourceQuality "1"]

1. d4 d5 2. Nf3 c6 3. e3 Nf6 4. Bd3 Bg4 5. Nbd2 e6 6. b3 Bd6 7. Bb2 Nbd7 8. 0-0 0-0 9. c4 Qb8 10. Qc2 b6 11. Rac1 Bc7 12. cxd5 exd5 13. Rfe1 Rc8 14. Be2 h6 15. Nf1 Ne4 16. N3d2 Nxd2 17. Qxd2 Bxe2 18. Qxe2 Nf6 19. f3 Bd6 20. Rc3 Bb4 21. Rec1 Bxc3 22. Rxc3 Qf4 23. Ng3 Re8 24. Qc2 Re6 25. Kf2 Rc8 26. Nf5 Qb8 27. b4 g6 28. Nh4 Nd7 29. Qa4 Rc7 30. Qc2 Qe8 31. g3 c5 32. dxc5 bxc5 33. Ng2 Rec6 34. Nf4 Qe6 35. b5 Rb6 36. a4 Rcb7 37. e4 a6 38. Nxd5 axb5 39. Nxb6 Qxb6 40. axb5 Qxb5 41. Ba3 Ne5 42. Ke3 Nd7 43. Bxc5 Nxc5 44. Rxc5 Qb3+ 45. Qxb3 Rxb3+ 46. Kf2 Rb2+ 47. Kg1 Kg7 48. e5 Rb1+ 49. Kg2 Rb2+ 50. Kg1 Rb6 51. f4 h5 52. h4 f6 53. exf6+ Kxf6 54. Kg2 Rb2+ 55. Kf3 Rb3+ 56. Ke4 Rxg3 57. f5 Rg1 58. Kf3 gxf5 59. Rc6+ Kg7 60. Rc5 Kg6 61. Rc6+ Kg7 62. Rc5 Kf6 63. Rc6+ Ke5 64. Rh6 0-1

[Event "Turmero Bustamante Memorial 3rd"]
[Site "Turmero"]
[Date "2017.09.02"]
[Round "1"]
[White "Luces Camargo, Rosselys Alejandra"]
[Black "Alvarez Romero, Luis Enrique"]
[Result "1-0"]
[WhiteElo "1897"]
[BlackElo "1115"]
[PlyCount "97"]
[EventDate "2017.09.02"]
[EventType "swiss"]
[EventRounds "5"]
[EventCountry "VEN"]
[SourceTitle "EXT 2019"]
[Source "ChessBase"]
[SourceDate "2018.10.10"]
[SourceVersion "1"]
[SourceVersionDate "2018.10.10"]
[SourceQuality "1"]

1. e4 c5 2. Nf3 Nc6 3. d4 cxd4 4. Nxd4 g6 5. Nc3 Bg7 6. Be3 Nf6 7. Be2 0-0 8. 0-0 d6 9. Qd2 Re8 10. f4 Bg4 11. Bc4 Nxe4 12. Nxe4 d5 13. Nxc6 bxc6 14. Nf2 dxc4 15. Qxd8 Rexd8 16. Nxg4 Bxb2 17. Rab1 Bg7 18. Rb7 e6 19. Rb4 f5 20. Nf2 Bd4 21. Nd1 Bxe3+ 22. Nxe3 Rd4 23. Rxc4 Rxc4 24. Nxc4 Rd8 25. Ne5 Rd6 26. Rb1 Kf8 27. Kf1 Kg8 28. Rb8+ Kg7 29. Rb7+ Kh6 30. Nf7+ Kh5 31. Nxd6 Kg4 32. g3 Kf3 33. Rb3+ Kg4 34. Rc3 Kh3 35. Rxc6 Kxh2 36. Kf2 h5 37. Ra6 h4 38. gxh4 Kh3 39. c4 Kxh4 40. c5 Kg4 41. c6 Kxf4 42. c7 g5 43. c8Q g4 44. Ra4+ Kg5 45. Qd8+ Kh5 46. Nf7 Kg6 47. Qg5+ Kxf7 48. Rxa7+ Kf8 49. Qd8# 1-0

[Event "Turmero IRT"]
[Site "Turmero"]
[Date "2017.08.26"]
[Round "5.5"]
[White "Alvarez Romero, Luis Enrique"]
[Black "Manaure Medina, Mariangeles"]
[Result "0-1"]
[WhiteElo "1141"]
[BlackElo "1559"]
[PlyCount "90"]
[EventDate "2017.08.26"]
[EventType "swiss"]
[EventRounds "6"]
[EventCountry "VEN"]
[SourceTitle "EXT 2022"]
[Source "ChessBase"]
[SourceDate "2021.10.06"]
[SourceVersion "1"]
[SourceVersionDate "2021.10.06"]
[SourceQuality "1"]

1. e4 e5 2. Nf3 Nc6 3. Bb5 a6 4. Bxc6 dxc6 5. 0-0 Bd6 6. d4 Bg4 7. dxe5 Bxf3 8. Qxf3 Bxe5 9. Nc3 Nf6 10. Bg5 0-0 11. Rad1 Qe7 12. Rfe1 Rad8 13. Bxf6 Bxf6 14. Rxd8 Rxd8 15. e5 Bxe5 16. Qe4 f6 17. f4 Bd4+ 18. Kf1 Qxe4 19. Rxe4 Bxc3 20. bxc3 Kf7 21. Ke2 Rd5 22. Rb4 Rb5 23. Rxb5 cxb5 24. Kd3 Ke7 25. g4 c5 26. h4 g6 27. a3 Ke6 28. Ke4 f5+ 29. gxf5+ gxf5+ 30. Kd3 h5 31. Ke3 Kd5 32. Kd3 a5 33. Ke3 Kc4 34. Kd2 b6 35. Kc1 Kxc3 36. a4 bxa4 37. Kb1 b5 38. Kc1 b4 39. Kb1 b3 40. cxb3 axb3 41. Kc1 b2+ 42. Kb1 c4 43. Ka2 Kc2 44. Ka3 b1Q 45. Ka4 Qb4# 0-1

[Event "Turmero Zowain Memorial"]
[Site "Turmero"]
[Date "2017.08.19"]
[Round "5"]
[White "Hernandez Castillo, Andry Jesus"]
[Black "Alvarez Romero, Luis Enrique"]
[Result "1-0"]
[WhiteElo "1485"]
[BlackElo "1141"]
[PlyCount "67"]
[EventDate "2017.08.19"]
[EventType "swiss"]
[EventRounds "6"]
[EventCountry "VEN"]
[SourceTitle "EXT 2019"]
[Source "ChessBase"]
[SourceDate "2018.10.10"]
[SourceVersion "1"]
[SourceVersionDate "2018.10.10"]
[SourceQuality "1"]

1. e4 c5 2. Nc3 Nc6 3. Bc4 g6 4. f4 e5 5. Nf3 exf4 6. 0-0 Bg7 7. d3 Nf6 8. Bxf4 0-0 9. Qd2 Qb6 10. Na4 Qb4 11. Qxb4 Nxb4 12. c3 Nc6 13. Nxc5 a6 14. a4 Na5 15. Ba2 b6 16. Nb3 Nxb3 17. Bxb3 Bb7 18. Bd6 Rfe8 19. Ng5 Rec8 20. Nxf7 Ne8 21. Rf2 Nc7 22. Nd8+ Ne6 23. Nxb7 Bh6 24. Bf4 Bxf4 25. Rxf4 Kg7 26. Bxe6 dxe6 27. Nd6 Rd8 28. e5 Ra7 29. Raf1 Rdd7 30. Ne8+ Kh6 31. g4 Rxd3 32. h4 Rd2 33. g5+ Kh5 34. Nf6# 1-0

[Event "Turmero IRT"]
[Site "Turmero"]
[Date "2017.08.12"]
[Round "6.8"]
[White "Alvarez Romero, Luis Enrique"]
[Black "Avila Castillo, Barbara Angelica"]
[Result "0-1"]
[WhiteElo "1141"]
[BlackElo "1448"]
[PlyCount "94"]
[EventDate "2017.08.12"]
[EventType "swiss"]
[EventRounds "6"]
[EventCountry "VEN"]
[SourceTitle "EXT 2022"]
[Source "ChessBase"]
[SourceDate "2021.10.06"]
[SourceVersion "1"]
[SourceVersionDate "2021.10.06"]
[SourceQuality "1"]

1. e4 e5 2. Nf3 Nc6 3. Bb5 Bc5 4. Bxc6 dxc6 5. 0-0 Qe7 6. Nc3 Nf6 7. d4 Bd6 8. dxe5 Bxe5 9. Nxe5 Qxe5 10. Qd2 Be6 11. Qf4 Qxf4 12. Bxf4 0-0-0 13. Bg5 h6 14. Bxf6 gxf6 15. Rad1 Rdg8 16. g3 h5 17. b3 f5 18. exf5 Bxf5 19. Rd2 h4 20. Ne2 hxg3 21. fxg3 Be6 22. Nd4 Rd8 23. Nf3 Rxd2 24. Nxd2 Re8 25. Re1 Bd7 26. Rxe8+ Bxe8 27. h4 f5 28. Kf2 Kd7 29. Kf3 Ke6 30. g4 Bg6 31. h5 fxg4+ 32. Kxg4 Bxc2 33. Kg5 b5 34. b4 Kd5 35. Kh6 c5 36. bxc5 Kxc5 37. Nb3+ Kb4 38. Kg7 Ka3 39. Nd4 Bd3 40. h6 b4 41. h7 Bxh7 42. Kxh7 Kxa2 43. Kg6 b3 44. Nxb3 Kxb3 45. Kf5 a5 46. Ke6 a4 47. Kd7 a3 0-1

[Event "Turmero IRT"]
[Site "Turmero"]
[Date "2017.08.??"]
[Round "1.2"]
[White "Alvarez Romero, Luis Enrique"]
[Black "Acosta Villegas, Alfredo Eleazar"]
[Result "0-1"]
[WhiteElo "1141"]
[BlackElo "1830"]
[PlyCount "78"]
[EventDate "2017.08.26"]
[EventType "swiss"]
[EventRounds "6"]
[EventCountry "VEN"]
[SourceTitle "EXT 2022"]
[Source "ChessBase"]
[SourceDate "2021.10.06"]
[SourceVersion "1"]
[SourceVersionDate "2021.10.06"]
[SourceQuality "1"]

1. e4 Nc6 2. Nf3 d6 3. d4 e6 4. Nc3 Be7 5. Bb5 Bd7 6. 0-0 Nf6 7. Bg5 0-0 8. d5 exd5 9. exd5 Nb8 10. Bxd7 Nbxd7 11. Re1 h6 12. Bxf6 Bxf6 13. Qd2 Nb6 14. Qe3 Bxc3 15. Qxc3 Nxd5 16. Qc4 Nf6 17. Qb5 Rb8 18. Re3 c6 19. Qb4 Nd5 20. Qd4 Nxe3 21. Qxe3 Qf6 22. c3 a5 23. Qd3 b5 24. Re1 b4 25. Nd4 Rbe8 26. Rd1 d5 27. Qa6 bxc3 28. bxc3 Rc8 29. Qxa5 Ra8 30. Qc5 Rxa2 31. Nxc6 d4 32. Qxd4 Qxc6 33. c4 Re8 34. c5 Ree2 35. Qd8+ Kh7 36. Qd3+ Qg6 37. Qc3 Rxf2 38. Qh3 Rxg2+ 39. Kf1 Rg1# 0-1